Discografia: Michael Jackson - Statistics

Estatísticas Gerais
  • Esse quiz foi jogado 50 vezes
  • A pontuação média é 6 de 10
Estatísticas das Respostas
Ano Álbum % Correto
1982 Thriller
97%
1987 Bad
86%
1991 Dangerous
69%
1979 Off the Wall
67%
1972 Ben
56%
1995 HIStory
53%
2001 Invincible
44%
1973 Music and Me
39%
1975 Forever, Michael
33%
1972 Got to Be There
28%
Nenhum quiz correspondente encontrado
Distribuição das Pontuações
Porcentagem de Pessoas com Cada Pontuação
Percentil de Números Respondidos
Sua Pontuação Histórica
Você não jogou esse quiz